[Event "Challenge"]
[Site "http://www.queenalice.com/game.php?id=667286"]
[Date "2009.10.14"]
[Round "-"]
[White "Stewart_The_Great"]
[Black "Mr_E_Fudd"]
[Result "0-1"]
[WhiteElo "1572"]
[BlackElo "1749"]

1. d4 d5 2. Nf3 Bg4 3. h3 Bxf3 4. exf3 e6 5. Bb5+ c6 6. Ba4 a5 7. c3 b5 8. Bc2
Na6 9. f4 g6 10. g4 Nf6 11. f5 h5 12. g5 Ne4 13. fxe6 Qe7 14. Qf3 Qxe6 15. Nd2
Nxg5+ 16. Qe2 O-O-O 17. Qxe6+ Nxe6 18. Nf3 b4 19. Ne5 Re8 20. Nxf7 Ng5+ 21. Kf1
Nxf7 22. Bxg6 Re7 23. cxb4 a4 24. b3 Bg7 25. Bb2 Rh6 26. Rg1 Nh8 27. Bc1 Rxg6
28. Bg5 Bxd4 29. Re1 Rxe1+ 30. Kxe1 axb3 31. axb3 Nxb4 32. h4 Nf7 33. Rg3 Nxg5
34. hxg5 Be5 35. Rg2 h4 36. Rg1 h3 37. Rh1 h2 38. Kf1 Rxg5 39. f4 Bxf4 40. Rxh2
Bxh2 41. Ke2 d4 42. Kd2 Rg2+ 43. Ke1 d3 44. Kf1 Rb2 45. Ke1 Bg3+ 46. Kf1 d2 47.
Ke2 Be1 48. Kd1 Rb1+ 49. Ke2 d1=Q+ 50. Ke3 Rxb3+ 51. Kf4 Qd5 52. Kg4 Bd2 53. Kh4
Qg5# 0-1

[Event "Challenge"]
[Site "http://www.queenalice.com/game.php?id=667287"]
[Date "2009.10.14"]
[Round "-"]
[White "Mr_E_Fudd"]
[Black "Stewart_The_Great"]
[Result "1-0"]
[WhiteElo "1761"]
[BlackElo "1604"]

1. e4 e5 2. d3 g6 3. h4 Be7 4. Nf3 d6 5. d4 Bg4 6. Be2 f6 7. Nc3 c6 8. a4 d5 9.
exd5 cxd5 10. Be3 Bb4 11. dxe5 Be6 12. Bd4 h5 13. exf6 Nxf6 14. Bd3 Rf8 15.
Bxg6+ Bf7 16. Bf5 Rg8 17. O-O Kf8 18. Ng5 Nc6 19. Bxf6 Qxf6 20. Nh7+ Kg7 21.
Nxf6 Kxf6 22. Qf3 Ke7 23. Nxd5+ Bxd5 24. Qxd5 Rgd8 25. Qe4+ Kf8 26. c3 Be7 27.
Bg6 Bf6 28. Qf5 Kg7 29. Rfe1 Ne7 30. Rxe7+ Bxe7 31. Qf7+ 1-0

[Event "Challenge"]
[Site "http://www.queenalice.com/game.php?id=674604"]
[Date "2009.10.29"]
[Round "-"]
[White "jjjcarvalho"]
[Black "Mr_E_Fudd"]
[Result "0-1"]
[WhiteElo "1710"]
[BlackElo "1769"]

1. Nf3 d5 2. d4 c6 3. Bf4 Na6 4. e3 b5 5. a3 f6 6. Nc3 g5 7. Bg3 e6 8. Bd3 Be7
9. b4 g4 10. Nd2 f5 11. f3 h5 12. h4 gxh3 13. Rxh3 Rh6 14. Be5 Rg6 15. Qe2 Nxb4
16. Rxh5 Qa5 17. a4 Nxc2+ 18. Bxc2 Qxc3 19. Rc1 Ba3 20. Rd1 Qxc2 21. Rh8 bxa4
22. g4 a5 23. Qh2 Kf8 24. Qh7 fxg4 25. Rxg8+ Rxg8 26. fxg4 Qxh7 27. Ke2 Rxg4 28.
Rf1+ Ke8 29. Rf2 Qh5 30. Ke1 Ba6 31. Nf3 Qh1+ 0-1

[Event "Challenge"]
[Site "http://www.queenalice.com/game.php?id=677846"]
[Date "2009.11.4"]
[Round "-"]
[White "J_R_Ewing"]
[Black "Mr_E_Fudd"]
[Result "1-0"]
[WhiteElo "1618"]
[BlackElo "1771"]

1. e4 e5 2. Nc3 c6 3. b4 Bxb4 4. Bb2 Bd6 5. a4 b6 6. Ba3 Bxa3 7. Rxa3 Nf6 8. Bc4
Qe7 9. Nf3 Qxa3 10. Nxe5 O-O 11. O-O g5 12. Qf3 Qd6 13. Qf5 Ba6 14. Qxg5+ Kh8
15. f4 Bxc4 16. Nxc4 Ne8 17. Nxd6 f6 18. Qh6 Rg8 19. Nf7# 1-0

[Event "Challenge"]
[Site "http://www.queenalice.com/game.php?id=684834"]
[Date "2009.11.17"]
[Round "-"]
[White "Mr_E_Fudd"]
[Black "J_R_Ewing"]
[Result "1-0"]
[WhiteElo "1758"]
[BlackElo "1631"]

1. e4 e5 2. Nc3 Bc5 3. Bc4 Qf6 4. Nh3 Nh6 5. Nd5 Qc6 6. d3 Na6 7. Bd2 O-O 8. g4
b5 9. g5 Qg6 10. Rg1 d6 11. Ne7+ Kh8 12. Nxg6+ fxg6 13. gxh6 Bxh3 14. Bxb5 Bxf2+
15. Ke2 Nc5 16. Be3 Bxg1 17. Qxg1 gxh6 18. Bc6 Rab8 19. Bxc5 dxc5 20. Qxc5 Kg7
21. Qxe5+ Rf6 22. Qxc7+ Bd7 23. Qxd7+ Rf7 24. Qd4+ Rf6 25. Qxa7+ Rf7 26. Qxb8 h5
27. Bd5 Rf8 28. Qc7+ Kh6 29. Rf1 Rxf1 30. Kxf1 h4 31. e5 g5 32. e6 g4 33. e7 g3
34. e8=Q gxh2 35. Qf4+ Kg7 36. Qg5# 1-0

[Event "Challenge"]
[Site "http://www.queenalice.com/game.php?id=744796"]
[Date "2010.3.11"]
[Round "-"]
[White "J_R_Ewing"]
[Black "Mr_E_Fudd"]
[Result "0-1"]
[WhiteElo "1687"]
[BlackElo "1785"]

1. d4 d5 2. Bf4 Bf5 3. Nc3 e6 4. Nb5 Na6 5. c3 c6 6. Nd6+ Bxd6 7. Bxd6 Qxd6 8.
e3 Nf6 9. Qa4 Nb8 10. f3 h5 11. g3 e5 12. O-O-O b5 13. Qa5 O-O 14. dxe5 Qxe5 15.
e4 Nxe4 16. Re1 h4 17. f4 Qf6 18. Nf3 hxg3 19. hxg3 Nxg3 20. Rg1 Be4 21. Rxg3
Qxf4+ 22. Kd1 Qxg3 23. Nd4 f5 24. Ne6 Rc8 25. Qb4 a5 26. Qe7 Qg6 27. Nc7 Qf7 28.
Nxd5 Qxd5+ 29. Kc1 Rd8 30. Qxd8+ Qxd8 31. Rd1 Qg5+ 32. Rd2 Na6 33. Kd1 Rd8 34.
Rxd8+ Qxd8+ 35. Kc1 Qg5+ 36. Kd1 Bf3+ 37. Be2 Bxe2+ 38. Kxe2 f4 39. b4 Qg2+ 40.
Kd3 Qd5+ 41. Ke2 Qxa2+ 42. Kf3 axb4 43. cxb4 Nxb4 44. Kxf4 Qf7+ 45. Kg5 Qf6+ 46.
Kh5 Nd5 47. Kg4 Ne3+ 48. Kh5 Qh6# 0-1

[Event "Challenge"]
[Site "http://www.queenalice.com/game.php?id=751591"]
[Date "2010.3.25"]
[Round "-"]
[White "Sabaak_No_Gaara"]
[Black "Mr_E_Fudd"]
[Result "0-1"]
[WhiteElo "1967"]
[BlackElo "1797"]

1. e4 e5 2. f4 Bc5 3. Nf3 d6 4. Bc4 exf4 5. b4 Bxb4 6. c3 Ba5 7. O-O g5 8. Qa4+
c6 9. Qb3 Nh6 10. d4 b5 11. Bxb5 cxb5 12. Qxb5+ Bd7 13. Qb3 O-O 14. Qd5 Re8 15.
Qxa8 Bc6 16. Qxa7 Re7 17. Qxe7 Qxe7 18. Ba3 Qxe4 19. Bxd6 g4 20. Bxb8 gxf3 21.
Rxf3 Qe1+ 22. Rf1 Qe3+ 23. Kh1 Qe2 0-1

[Event "Challenge"]
[Site "http://www.queenalice.com/game.php?id=751592"]
[Date "2010.3.25"]
[Round "-"]
[White "Mr_E_Fudd"]
[Black "Sabaak_No_Gaara"]
[Result "0-1"]
[WhiteElo "1839"]
[BlackElo "1989"]

1. e4 e5 2. Bc4 Nf6 3. Nf3 Nc6 4. d3 Be7 5. d4 Nxe4 6. Qe2 d5 7. Bb5 O-O 8. Bxc6
bxc6 9. Nxe5 Bf6 10. O-O Bxe5 11. dxe5 f6 12. f3 Nc5 13. Be3 Ne6 14. Bd2 fxe5
15. Qxe5 Qd6 16. Qxd6 cxd6 17. c3 Nc5 18. Bg5 Ba6 19. Rd1 Rae8 20. b4 Ne6 21.
Be3 Re7 22. Nd2 Nf4 23. Kh1 Rxe3 24. g3 Nd3 25. a4 Nf2+ 26. Kg1 Nxd1 27. Rxd1
Rxc3 28. Kf2 Re8 29. Re1 Rxe1 30. Kxe1 Rc1+ 31. Kf2 Ra1 32. Ke3 Rxa4 33. h4 Rxb4
34. f4 c5 35. f5 d4+ 36. Kf4 c4 37. Ne4 c3 38. Nxd6 c2 39. Kg5 c1=Q+ 40. Kg4 d3+
41. Kh5 Qh6# 0-1

[Event "Challenge"]
[Site "http://www.queenalice.com/game.php?id=764740"]
[Date "2010.4.22"]
[Round "-"]
[White "Stewart_The_Great"]
[Black "Mr_E_Fudd"]
[Result "0-1"]
[WhiteElo "1670"]
[BlackElo "1820"]

1. e4 e5 2. Nf3 d6 3. c3 Nf6 4. Ng5 h6 5. d4 hxg5 6. Bxg5 exd4 7. Qxd4 Rh5 8. h4
c5 9. Bb5+ Bd7 10. Qa4 Qb6 11. c4 Nxe4 12. f4 f6 13. Nc3 Nxc3 14. bxc3 fxg5 15.
fxg5 Nc6 16. Qd1 g6 17. Qd3 Bf5 18. Qe3+ Kd7 19. Rd1 Re8 20. Qxe8+ Kxe8 21. g3
a6 22. Bxc6+ Qxc6 23. Kd2 Qg2+ 24. Ke3 Qxg3+ 25. Kd2 Qd3+ 26. Ke1 Qxc3+ 27. Kf2
Qxc4 28. Rde1+ Be4 29. Re2 Qf7+ 30. Ke3 Qf3+ 31. Kd2 Qxh1 32. Re1 Qxh4 33. a4
Qxg5+ 34. Kd1 Qd5+ 35. Ke2 Qd3+ 36. Kf2 Qf3+ 37. Kg1 Qg2# 0-1

[Event "Challenge"]
[Site "http://www.queenalice.com/game.php?id=764741"]
[Date "2010.4.22"]
[Round "-"]
[White "Mr_E_Fudd"]
[Black "Stewart_The_Great"]
[Result "1-0"]
[WhiteElo "1830"]
[BlackElo "1664"]

1. e4 e5 2. d4 Bd6 3. Qg4 exd4 4. Bg5 Be7 5. Nh3 h6 6. Bxe7 Nxe7 7. Qxg7 Ng6 8.
Nf4 Rf8 9. Nxg6 fxg6 10. Qxg6+ Rf7 11. Qxh6 d6 12. Qh8+ Rf8 13. Qxd4 c5 14. Qe3
Qe7 15. Nc3 Qe5 16. O-O-O Qf4 17. Qxf4 Rxf4 18. Rxd6 Rxf2 19. Nd5 Rf7 20. h4 Nc6
21. h5 Be6 22. Rxe6+ Kd7 23. Rf6 Rxf6 24. Nxf6+ Ke6 25. Ng4 Ne5 26. Be2 Rd8 27.
h6 Nxg4 28. Bxg4+ Kf6 29. h7 Rh8 30. Bf5 Kg7 31. g4 b5 32. g5 a5 33. g6 Kf6 34.
Rd1 1-0

[Event "Challenge"]
[Site "http://www.queenalice.com/game.php?id=796627"]
[Date "2010.6.29"]
[Round "-"]
[White "Stewart_The_Great"]
[Black "Mr_E_Fudd"]
[Result "0-1"]
[WhiteElo "1667"]
[BlackElo "1886"]

1. e4 e5 2. d3 Nc6 3. Nf3 d6 4. c3 Be6 5. Ng5 Qd7 6. d4 d5 7. dxe5 Nxe5 8. Na3
f6 9. Bb5 c6 10. Nxe6 cxb5 11. Qxd5 Nd3+ 12. Ke2 Nxc1+ 13. Raxc1 Ne7 14. Qxd7+
Kxd7 15. Nc5+ Kc8 16. Nxb5 Ng6 17. Ne6 Kd7 18. Nxf8+ Rhxf8 19. Rhd1+ Ke7 20. g3
Ne5 21. f4 Nc4 22. b3 a6 23. Nc7 Rac8 24. bxc4 Rxc7 25. Rd4 Kf7 26. Rcd1 Kg6 27.
f5+ Kh5 28. Kf3 g6 29. fxg6 hxg6 30. h3 f5 31. exf5 Rxf5+ 32. Kg2 Kh6 33. g4 Re5
34. Rd5 Re3 35. g5+ Kh5 36. Rf1 Rxc3 37. Rf8 Rh7 38. c5 Kh4 39. Rf3 Rc2+ 40. Rf2
Rxf2+ 41. Kxf2 Kxh3 42. Kf3 Rf7+ 43. Ke4 Kg4 44. a4 Rf4+ 45. Ke3 Rxa4 46. Rd4+
Rxd4 47. Kxd4 Kxg5 48. Kc4 Kf4 49. Kb4 g5 50. Ka5 g4 51. Kb6 g3 52. Kxb7 g2 53.
c6 g1=Q 54. c7 Qc1 55. Kb6 a5 56. Kxa5 Qxc7+ 57. Ka6 Ke4 58. Kb5 Kd4 59. Kb4
Qc5+ 60. Ka4 Qb6 61. Ka3 Kc4 62. Ka2 Kc3 63. Ka1 Qb2# 0-1

[Event "Challenge"]
[Site "http://www.queenalice.com/game.php?id=796628"]
[Date "2010.6.29"]
[Round "-"]
[White "Mr_E_Fudd"]
[Black "Stewart_The_Great"]
[Result "1-0"]
[WhiteElo "1829"]
[BlackElo "1657"]

1. e4 e5 2. Bc4 Nf6 3. d3 Bc5 4. h3 c6 5. Qe2 d6 6. g4 b5 7. Bxf7+ Kxf7 8. g5
Nfd7 9. h4 h6 10. Qf3+ Nf6 11. gxf6 Qxf6 12. Be3 Qxf3 13. Nxf3 Bxe3 14. fxe3 Ke8
15. d4 Na6 16. dxe5 Bg4 17. Nd4 dxe5 18. Nxc6 Bf3 19. Rg1 Rc8 20. Nd2 Bxe4 21.
Nxe4 Rxc6 22. Rxg7 Rxc2 23. Rxa7 Rg8 24. Nf6+ Kf8 25. Nxg8 1-0

[Event "Challenge"]
[Site "http://www.queenalice.com/game.php?id=815683"]
[Date "2010.8.9"]
[Round "-"]
[White "Mr_E_Fudd"]
[Black "Seneca"]
[Result "0-1"]
[WhiteElo "1824"]
[BlackElo "1896"]

1. e4 e6 2. d4 d5 3. Bd3 dxe4 4. Bxe4 Nf6 5. Bg5 Be7 6. Bxf6 Bxf6 7. Ne2 c5 8.
c3 cxd4 9. cxd4 Nc6 10. Bxc6+ bxc6 11. Nbc3 Rb8 0-1

[Event "Challenge"]
[Site "http://www.queenalice.com/game.php?id=816773"]
[Date "2010.8.11"]
[Round "-"]
[White "ORNELAS"]
[Black "Mr_E_Fudd"]
[Result "1-0"]
[WhiteElo "1665"]
[BlackElo "1893"]

1. b3 d5 2. d3 e5 3. Bb2 f6 4. Nd2 d4 5. e4 Bb4 6. a3 Bxd2+ 7. Qxd2 c5 8. b4 Qb6
9. Nf3 Nc6 10. c4 cxb4 11. axb4 Nxb4 12. Ba3 Nc6 13. Be2 Nge7 14. O-O Qd8 15.
Nh4 h5 16. Bc5 g5 17. Nf5 Bxf5 18. exf5 Nxf5 19. Rab1 b6 20. Ba3 1-0

[Event "Challenge"]
[Site "http://www.queenalice.com/game.php?id=829415"]
[Date "2010.9.7"]
[Round "-"]
[White "Mr_E_Fudd"]
[Black "Stewart_The_Great"]
[Result "1-0"]
[WhiteElo "1876"]
[BlackElo "1653"]

1. e4 e5 2. c4 c5 3. d3 d6 4. Nc3 Nh6 5. Be2 Nc6 6. Nf3 Be7 7. Bd2 f5 8. Bxh6
gxh6 9. Qd2 Bg5 10. Nxg5 hxg5 11. Bh5+ Kf8 12. exf5 Bxf5 13. g4 Nd4 14. gxf5
Nxf5 15. O-O-O Nd4 16. Nb5 a6 17. Nc3 Qf6 18. Bg4 Nf3 19. Nd5 Nxd2 20. Nxf6 Kg7
21. Nh5+ Kh6 22. Rxd2 b5 23. Ng3 bxc4 24. dxc4 Rhd8 25. Nf5+ Kg6 26. Nxd6 h5 27.
Bf5+ Kf6 28. Be4 Ra7 29. f3 Rad7 30. Rhd1 Ke7 31. Nf5+ Ke6 32. Rd5 Rxd5 33.
cxd5+ Kd7 34. Ng7 Ke7 35. Rg1 Kf6 36. Ne6 Rd6 37. Rxg5 Rxe6 38. Rg6+ Ke7 39.
Rxe6+ Kd7 40. Rxa6 c4 41. Bf5+ Kc7 42. Rc6+ Kb7 43. Bc8+ Kb8 44. d6 c3 45. bxc3
e4 46. d7 exf3 47. d8=Q f2 48. Ba6+ Ka7 49. Qb6+ Ka8 50. Qb7# 1-0

[Event "Challenge"]
[Site "http://www.queenalice.com/game.php?id=829416"]
[Date "2010.9.7"]
[Round "-"]
[White "Stewart_The_Great"]
[Black "Mr_E_Fudd"]
[Result "0-1"]
[WhiteElo "1661"]
[BlackElo "1868"]

1. e4 d6 2. d4 Nf6 3. Nc3 c6 4. Bc4 e6 5. Nf3 d5 6. exd5 exd5 7. Bb3 b5 8. a3 a5
9. Qe2+ Be7 10. a4 b4 11. Na2 O-O 12. c3 Re8 13. O-O Bd6 14. Qd3 Ba6 15. Bc4
Bxc4 16. Qd1 Bxf1 17. Kxf1 Ng4 18. h3 Nh2+ 19. Nxh2 Bxh2 20. g3 Qf6 21. Kg2 Bxg3
22. fxg3 Na6 23. cxb4 axb4 24. b3 Re4 25. Bf4 Rxd4 26. Qe1 Re4 27. Qd2 Qxa1 28.
Nxb4 Nxb4 29. Qxb4 Rxb4 30. Bd6 Rxb3 31. g4 Rxa4 32. Bc5 Ra2+ 33. Bf2 d4 34. g5
Qe1 35. h4 Qxf2+ 36. Kh1 Rh3# 0-1

[Event "Challenge"]
[Site "http://www.queenalice.com/game.php?id=837595"]
[Date "2010.9.24"]
[Round "-"]
[White "J_R_Ewing"]
[Black "Mr_E_Fudd"]
[Result "0-1"]
[WhiteElo "1663"]
[BlackElo "1883"]

1. e4 d5 2. e5 e6 3. f4 d4 4. Qf3 Bc5 5. Na3 a6 6. Nc4 Nc6 7. a3 Bd7 8. b4 Bxb4
9. axb4 Nxb4 10. Bd3 Bc6 11. Qg3 b5 12. Qxg7 bxc4 13. Ba3 cxd3 14. Bxb4 dxc2 15.
Qxh8 Qh4+ 16. g3 Qg4 17. Qxh7 Bxh1 18. Qxc2 c6 19. Bc5 f5 20. Bxd4 Qh5 21. d3
Nh6 22. Qe2 Qg6 23. Nh3 Qg4 24. Qf1 Qf3 25. Qxf3 Bxf3 26. Ng5 Bd5 27. Rb1 a5 28.
Nh7 O-O-O 29. Bb6 Rh8 30. Nf6 Bf3 31. h4 Ng4 32. Nxg4 fxg4 33. Bxa5 Rh7 34. Bc3
c5 35. Rb6 Rd7 36. Kd2 Bd5 37. Rd6 Ra7 38. Rb6 Kc7 39. Rb1 Kc6 40. h5 c4 41. d4
Be4 42. Rb8 Rh7 43. Re8 Bf5 44. Rc8+ Kd5 45. Rc5+ Ke4 46. Rxc4 Rxh5 47. Kd1 Kf3
48. Be1 Ke3 49. d5 Rh6 50. d6 Rh8 51. d7 Rd8 52. Rc7 Bd3 53. Ra7 Be2+ 54. Kc2
Bd3+ 55. Kb2 Bb5 56. f5 Bxd7 57. Ba5 Rb8+ 58. Ka3 Rb5 59. f6 Rxe5 60. f7 Rf5 61.
Rxd7 Rxa5+ 62. Kb4 Rf5 63. Kc4 Kf3 64. Rd3+ Kf2 65. Rd7 Kxg3 66. Kd4 Kf4 67. Re7
g3 68. Rxe6 Rxf7 69. Re4+ Kf3 70. Re3+ Kf2 71. Re4 g2 72. Rg4 Kf3 73. Rg5 Rf4+
74. Kd3 Rg4 75. Rf5+ Kg3 76. Ke2 g1=Q 77. Rf3+ Kh4 78. Rf1 Re4+ 79. Kf3 Qe3+ 80.
Kg2 Rg4+ 81. Kh1 Qh3# 0-1

[Event "Challenge"]
[Site "http://www.queenalice.com/game.php?id=891127"]
[Date "2011.1.25"]
[Round "-"]
[White "Stewart_The_Great"]
[Black "Mr_E_Fudd"]
[Result "0-1"]
[WhiteElo "1679"]
[BlackElo "1890"]

1. e4 e5 2. d4 d6 3. c3 Bd7 4. dxe5 dxe5 5. f4 Nf6 6. fxe5 Nxe4 7. Qd5 Nc5 8.
Bc4 Qe7 9. Be3 Bc6 10. Qxc5 Bxg2 11. Bd5 Qh4+ 12. Bf2 Bxc5 13. Bxh4 Bxd5 14. Nf3
Bxf3 15. Rf1 Bg2 16. Rf5 Be4 17. Rf4 Bxb1 18. Rxb1 O-O 19. b4 Be3 20. Rg4 Nc6
21. Bf6 Bh6 22. Ke2 a5 23. Rbg1 g6 24. Bg5 Bxg5 25. Rxg5 axb4 26. cxb4 Rxa2+ 27.
Kd3 Rxh2 28. b5 Rd8+ 29. Ke4 Re2+ 30. Kf3 Nd4+ 31. Kf4 Nxb5 32. e6 Nc3 33. exf7+
Kxf7 34. Kf3 Rd3+ 35. Kf4 Re4# 0-1

[Event "Challenge"]
[Site "http://www.queenalice.com/game.php?id=891128"]
[Date "2011.1.25"]
[Round "-"]
[White "Mr_E_Fudd"]
[Black "Stewart_The_Great"]
[Result "1-0"]
[WhiteElo "1898"]
[BlackElo "1640"]

1. e4 e5 2. Bc4 c6 3. Nf3 d6 4. d3 Be6 5. Bxe6 fxe6 6. Be3 Nd7 7. O-O Ngf6 8. c4
Ng4 9. Qd2 d5 10. Bg5 Be7 11. h3 Bxg5 12. Nxg5 Qf6 13. hxg4 h6 14. Nh3 dxe4 15.
dxe4 Nc5 16. Qd6 Nxe4 17. Qc7 Rd8 18. Qxb7 Rd6 19. Qxa7 Rf8 20. Qe3 Rd4 21. Nc3
Nxc3 22. bxc3 Rxc4 23. a4 e4 24. a5 Qxc3 25. a6 Ke7 26. a7 Ra8 27. g5 Qe5 28.
Qb6 hxg5 29. Qb7+ Kf6 30. Qxa8 g4 31. Qf8+ Kg6 32. Nf4+ Kg5 33. g3 e3 34. Qd8+
Kf5 35. Ra5 Rc5 36. Rxc5 Qxc5 37. a8=Q exf2+ 38. Rxf2 Qc1+ 39. Kg2 Qe3 40. Nd5+
Ke4 41. Nxe3 Kxe3 42. Qd2+ Ke4 43. Qxc6+ Ke5 44. Qcd6+ Ke4 45. Q2d4# 1-0